000
00295nam a2200145Ia 4500
100
_a
Douglas/J.F
942
_c
BK
654
_a
Fluid Mechanics
245
_a
Fluid Mechanics
260
_b
Pitman
_a
London
_c
1983
082
_a
532
_b
Dou/Gas
300
_a
721
546
_a
ENGLISH
999
_c
22429
_d
22429